| 000 | 00691nam a2200205 a 4500 | ||
|---|---|---|---|
| 005 | 20230608064023.0 | ||
| 008 | 991125s1980 mx 000 0 spa u | ||
| 035 | _aUPN01000026844 | ||
| 049 | _aCG | ||
| 050 | 4 |
_aQ180 _bG3.3 1980 |
|
| 100 | 1 |
_aGarcía Laguardia, Jorge Mario, _d1934- _930761 |
|
| 245 | 1 | 0 |
_aGuía de técnicas de investigación y cuaderno de trabajo / _cJorge Mario García Laguardia, Jorge Luján Muñoz. |
| 250 | _a12a ed. corr. y adicionada. | ||
| 260 |
_aMéxico : _bCruz O., _c1980. |
||
| 300 | _a194 p. | ||
| 650 | 4 |
_aCiencia _xMetodología _95804 |
|
| 650 | 7 |
_aRedacción de escritos técnicos _2 _912156 |
|
| 700 | 1 |
_aLuján Muñoz, Jorge, _ecoaut. |
|
| 905 | _aLibro | ||
| 999 |
_c26844 _d26844 |
||